Building,Planning,Designing And Scheduling. (Record no. 3358)

MARC details
000 -LEADER
fixed length control field 00337nam a22001337a 4500
008 - FIXED-LENGTH DATA ELEMENTS--GENERAL INFORMATION
fixed length control field 250507b |||||||| |||| 00| 0 eng d
020 ## - INTERNATIONAL STANDARD BOOK NUMBER
ISBN 8180140059
100 ## - MAIN ENTRY--AUTHOR
Author Gurachanran Singh
245 ## - TITLE STATEMENT
Title Building,Planning,Designing And Scheduling.
260 ## - PUBLICATION, DISTRIBUTION, ETC. (IMPRINT)
Place of publication Delhi
Name of publisher N.C. Jain
Date of publication 2002
300 ## - COLLATION
Pagination 388P.
942 ## - ADDED ENTRY ELEMENTS (KOHA)
Item type Books
050 ## - LIBRARY OF CONGRESS CALL NUMBER
Classification number NA 2750
Item number ,S56
Holdings
Source of classification or shelving scheme Not for loan Permanent location Current location Date acquired Accession No. Full call number Barcode. Koha item type
Library of Congress Classification   Samuel Ogbemudia Main Library, University of Abuja Samuel Ogbemudia Main Library, University of Abuja 05/07/2025 2019/53991 NA 2750 .S56 2025-1822 Books